Administrar el Estrés: soluciones sencillas para un problema que aumenta cada día (Registro nro. 1799)
[ vista simple ]
| 000 -CABECERA | |
|---|---|
| campo de control de longitud fija | 00761aam a2200277 4500 |
| 005 - FECHA Y HORA DE ACTUALIZACIÓN | |
| campo de control | 20161114144054.0 |
| 008 - LONGITUD FIJA | |
| campo de control de longitud fija | 150716b xxu||||| |||| 00| 0 spa d |
| 041 ## - IDIOMA | |
| Código de idioma del texto/pista de sonido o título separado | |
| 082 ## - CLASIFICACIÓN DECIMAL DEWEY | |
| Número de clasificación | 155.904.2 P839a |
| 100 ## - AUTOR PERSONAL | |
| Nombre de persona | Porta,Dr. Sepp |
| 100 ## - AUTOR PERSONAL | |
| Nombre de persona | Zagler,Gunther |
| 245 ## - TÍTULO PROPIAMENTE DICHO | |
| Título | Administrar el Estrés: soluciones sencillas para un problema que aumenta cada día |
| 260 ## - PIE DE IMPRENTA | |
| Lugar de publicación, distribución, etc. | España |
| 260 ## - PIE DE IMPRENTA | |
| Nombre del editor, distribuidor, etc. | Urano |
| 260 ## - PIE DE IMPRENTA | |
| Fecha de publicación, distribución, etc. | 2005 |
| 300 ## - DESCRIPCIÓN FÍSICA | |
| Extensión | 174 páginas |
| 650 ## - Materia General | |
| Materia general | ESTRÉS |
| 650 ## - Materia General | |
| Materia general | CUADRO CLÍNICO |
| 650 ## - Materia General | |
| Materia general | MENSTRUACIÓN |
| 650 ## - Materia General | |
| Materia general | AMOR |
| 650 ## - Materia General | |
| Materia general | SEXO |
| 650 ## - Materia General | |
| Materia general | CONTROL DE ESTRÉS |
| 650 ## - Materia General | |
| Materia general | ALIMENTACIÓN |
| 650 ## - Materia General | |
| Materia general | PRIMEROS AUXILIOS |
| 942 ## - Punto de Acceso Adicional Koha | |
| Tipo de ítem Koha | Libro |
| Estado perdido | Estado dañado | No para préstamo | Biblioteca permanente | Biblioteca actual | Signatura completa | Código de barras | Precio efectivo a partir del | Tipo de ítem |
|---|---|---|---|---|---|---|---|---|
| Departamento de Biblioteca y Documentación Alfonso Chase Brenes | Departamento de Biblioteca y Documentación Alfonso Chase Brenes | 155.904.2 P839a | 11097 | 14/11/2016 | Libro |